Statistiques concernant Culture Générale - Série 2302

Cliquez ici pour prendre le quiz!

Statistiques générales

  • Ce quiz a été pris 63 fois
  • Le résultat moyen est 4 sur 10

Statistiques - réponses

QuestionRéponse% Correct
A quel légume compare-t-on le coeur de quelqu'un qui tombe souvent et facilement amoureux ?artichaut
95%
Ce mot désigne un oiseau et un petit fouet composé d'un manche en bois et d'une dizaine de lanières de cuirmartinet
69%
C'est un légume ou une contractuelle de voie publiqueaubergine
57%
De quel état insulaire d'Océanie Yaren est-elle la capitale ?Nauru
56%
Qui a peint "L'origine du monde" en 1866 ? prénom et nom - voir photoGustave Courbet
44%
Qu'est-ce que la sardane ?danse
39%
Quel poète a écrit "Les paradis artificiels" en 1860 ? prénom et nomCharles Baudelaire
39%
Congrès de spécialistes, sur un thème scientifique. - 9 lettres commençant par " s "symposium
18%
Sous quel nom connait-on mieux le comédien William Albert Buenos ? prénom et nomJacques Balutin
8%
Comment traduit-on "aéroglisseur" en anglais ?hovercraft
3%

Distribution des résultats

Percentile par nombre de réponses

% des personnes avec chaque résultat

Votre développement - résultats

Vous n’avez pas pris ce quiz